Высшая математика: учебное пособие

Bibliographic Details
Main Author: Кабанова Л. И. Людмила Игоревна
Language:Russian
Published: Томск, Изд-во ТПУ, 2001
Format: Book
KOHA link:https://koha.lib.tpu.ru/cgi-bin/koha/opac-detail.pl?biblionumber=37720

MARC

LEADER 00000nam1a2200000 4500
001 37720
005 20231031004418.0
035 |a (RuTPU)RU\TPU\book\38310 
090 |a 37720 
100 |a 20020129d2001 m y0rusy50 ca 
101 0 |a rus 
102 |a RU 
200 1 |a Высшая математика  |e учебное пособие  |f Л. И. Кабанова 
210 |a Томск  |c Изд-во ТПУ  |d 2001 
700 1 |a Кабанова  |b Л. И.  |g Людмила Игоревна 
801 1 |a RU  |b 63413507  |c 20020129  |g PSBO 
801 2 |a RU  |b 63413507  |c 20120220  |g PSBO 
942 |c BK